The future of the EU's competitive position: The role of Central Eastern European countries (Record no. 9112)

MARC details
000 -LEADER
fixed length control field 02165nam a22003617u 4500
001 - CONTROL NUMBER
control field pwiiw7280
003 - CONTROL NUMBER IDENTIFIER
control field OSt
005 - DATE AND TIME OF LATEST TRANSACTION
control field 20260516120037.0
008 - FIXED-LENGTH DATA ELEMENTS--GENERAL INFORMATION
fixed length control field 250403t2025 au ||||| |||| 00| ||eng d
040 ## - CATALOGING SOURCE
Transcribing agency OSt
041 ## - LANGUAGE CODE
Language code of text/sound track or separate title eng
084 ## - OTHER CLASSIFICATION NUMBER
Classification number F14
-- F15
-- O11
-- O47
-- O52
Number source jelc
100 1# - MAIN ENTRY--PERSONAL NAME
Personal name Ferrazzi, Matteo
245 10 - TITLE STATEMENT
Title The future of the EU's competitive position: The role of Central Eastern European countries
260 ## - PUBLICATION, DISTRIBUTION, ETC.
Place of publication, distribution, etc. Wien :
Name of publisher, distributor, etc. Wiener Institut für Internationale Wirtschaftsvergleiche (wiiw),
Date of publication, distribution, etc. 2025.
300 ## - PHYSICAL DESCRIPTION
Extent 24 S.,
Other physical details 1 Table, 8 Figures and 2 Boxes,
Dimensions 30cm.
490 1# - SERIES STATEMENT
Series statement wiiw Policy Notes and Reports
Volume/sequential designation 93
520 ## - SUMMARY, ETC.
Summary, etc. The Draghi Report recommended actions to secure the long-term EU competitive position but did not discuss the challenges related to specific countries or regional groups, including those of Central and Eastern European (CEE) countries. While CEE economies remain focused on manufacturing, especially the automotive industry, they are gradually shifting from being the EU's manufacturing hub to developing higher value-added activities. However, income convergence has slowed, suggesting the need to rethink their growth model. Our research highlights growth opportunities and suggests ways to reduce barriers to innovation. Policy should focus on three areas: strengthening human capital, fostering innovation, and addressing energy intensity and its relatively high costs. Key actions include increasing labour market participation, ensuring access to start-up finance and risk capital, and reducing the region’s reliance on brown energy, particularly through grid and generation investment and the development of greener businesses.<br/>
650 ## - SUBJECT ADDED ENTRY--TOPICAL TERM
Topical term or geographic name entry element Competitiveness
650 ## - SUBJECT ADDED ENTRY--TOPICAL TERM
Topical term or geographic name entry element trade
650 ## - SUBJECT ADDED ENTRY--TOPICAL TERM
Topical term or geographic name entry element innovation
650 ## - SUBJECT ADDED ENTRY--TOPICAL TERM
Topical term or geographic name entry element Central Eastern Europe
651 ## - SUBJECT ADDED ENTRY--GEOGRAPHIC NAME
Geographic name CEE
690 ## - LOCAL SUBJECT ADDED ENTRY--TOPICAL TERM (OCLC, RLIN)
Topical term or geographic name as entry element International Trade, Competitiveness and FDI
700 1# - ADDED ENTRY--PERSONAL NAME
Personal name Guadagno, Francesca
700 1# - ADDED ENTRY--PERSONAL NAME
Personal name Hanzl-Weiss, Doris
700 1# - ADDED ENTRY--PERSONAL NAME
Personal name Schanz, Jochen
700 1# - ADDED ENTRY--PERSONAL NAME
Personal name Slačík, Tomáš
700 1# - ADDED ENTRY--PERSONAL NAME
Personal name Stehrer, Robert
9 (RLIN) 5
830 #0 - SERIES ADDED ENTRY--UNIFORM TITLE
Volume/sequential designation 93
Bibliographic record control number WIIW0000092
Title of a work wiiw Policy Notes and Reports
856 40 - ELECTRONIC LOCATION AND ACCESS
Uniform Resource Identifier <a href="https://wiiw.ac.at/p-7280.html">https://wiiw.ac.at/p-7280.html</a>
942 ## - ADDED ENTRY ELEMENTS (KOHA)
Koha item type Paper
Holdings
Withdrawn status Lost status Damaged status Not for loan Home library Current library Shelving location Date acquired Inventory number Total Checkouts Full call number Barcode Date last seen Price effective from Koha item type
        WIIW WIIW Library 04/03/2025 pwiiw7280   93 1000010007280 04/03/2025 04/07/2025 Paper
The Vienna Instiute for International Economic Studies (wiiw)